[Event "DEM U12w 2022"]
[Site "Willingen GER"]
[Date "2022.06.09"]
[Round "7"]
[White "Leicher, Anna"]
[Black "Mehner, Clara"]
[Result "0-1"]
[Termination "normal"]
[Board "9"]
[WhiteElo "1223"]
[BlackElo "1056"]
[WhiteClock "00:16:14"]
[BlackClock "00:37:28"]
[PlyCount "140"]
[WhiteFideId "34614966"]
[BlackFideId "34612165"]
[EventCountry "GER"]
[EventRounds "9"]
[EventType "swiss"]
[EventDate "2022.06.04"]

1. e4 {[%clk 01:30:57]} {[%emt 00:00:03]} e6 {[%clk 01:30:54]} {[%emt
00:00:07]} 2. d4 {[%clk 01:31:21]} {[%emt 00:00:05]} d5 {[%clk 01:31:19]}
{[%emt 00:00:06]} 3. exd5 {[%clk 01:31:36]} {[%emt 00:00:15]} exd5 {[%clk
01:31:40]} {[%emt 00:00:08]} 4. Bd3 {[%clk 01:31:40]} {[%emt 00:00:26]} Bd6
{[%clk 01:32:02]} {[%emt 00:00:09]} 5. Nf3 {[%clk 01:31:04]} {[%emt 00:01:05]}
Ne7 {[%clk 01:32:09]} {[%emt 00:00:23]} 6. O-O {[%clk 01:30:00]} {[%emt
00:01:35]} O-O {[%clk 01:32:14]} {[%emt 00:00:25]} 7. Bg5 {[%clk 01:28:00]}
{[%emt 00:02:16]} f6 {[%clk 01:32:29]} {[%emt 00:00:28]} 8. Bh4 {[%clk
01:27:43]} {[%emt 00:00:42]} Bf5 {[%clk 01:32:35]} {[%emt 00:00:29]} 9. Re1
{[%clk 01:26:45]} {[%emt 00:01:27]} Bxd3 {[%clk 01:30:10]} {[%emt 00:02:56]}
10. Qxd3 {[%clk 01:26:12]} {[%emt 00:01:02]} Re8 {[%clk 01:29:25]} {[%emt
00:01:16]} 11. c3 {[%clk 01:22:17]} {[%emt 00:04:25]} Nd7 {[%clk 01:24:39]}
{[%emt 00:05:18]} 12. Nbd2 {[%clk 01:18:31]} {[%emt 00:04:09]} Nf8 {[%clk
01:23:27]} {[%emt 00:01:48]} 13. Nf1 {[%clk 01:16:59]} {[%emt 00:01:56]} Nfg6
{[%clk 01:21:03]} {[%emt 00:02:59]} 14. Bg3 {[%clk 01:15:58]} {[%emt 00:01:30]}
c6 {[%clk 01:18:48]} {[%emt 00:02:46]} 15. Rac1 {[%clk 00:56:34]} {[%emt
00:19:55]} Nf4 {[%clk 01:15:55]} {[%emt 00:03:23]} 16. Qd2 {[%clk 00:50:08]}
{[%emt 00:06:30]} Neg6 {[%clk 01:14:41]} {[%emt 00:02:10]} 17. Nh4 {[%clk
00:47:43]} {[%emt 00:02:49]} Qd7 {[%clk 01:12:53]} {[%emt 00:02:23]} 18. Nxg6
{[%clk 00:41:46]} {[%emt 00:06:26]} Nxg6 {[%clk 01:13:00]} {[%emt 00:00:24]}
19. Rxe8+ {[%clk 00:41:05]} {[%emt 00:01:11]} Rxe8 {[%clk 01:13:01]} {[%emt
00:00:30]} 20. Re1 {[%clk 00:41:00]} {[%emt 00:00:30]} Re7 {[%clk 01:11:07]}
{[%emt 00:02:29]} 21. Bxd6 {[%clk 00:30:25]} {[%emt 00:11:03]} Qxd6 {[%clk
01:11:22]} {[%emt 00:00:16]} 22. Ne3 {[%clk 00:29:10]} {[%emt 00:01:45]} Qf4
{[%clk 01:09:46]} {[%emt 00:02:07]} 23. g3 {[%clk 00:25:33]} {[%emt 00:04:05]}
Qg5 {[%clk 01:09:08]} {[%emt 00:01:09]} 24. Qd1 {[%clk 00:19:57]} {[%emt
00:06:05]} Nh4 {[%clk 01:06:33]} {[%emt 00:03:06]} 25. Kh1 {[%clk 00:18:50]}
{[%emt 00:01:37]} Ng6 {[%clk 01:04:00]} {[%emt 00:03:03]} 26. Qb3 {[%clk
00:16:59]} {[%emt 00:02:14]} Qh5 {[%clk 01:00:17]} {[%emt 00:04:20]} 27. c4
{[%clk 00:15:48]} {[%emt 00:01:42]} Rd7 {[%clk 00:54:39]} {[%emt 00:06:08]} 28.
g4 {[%clk 00:14:22]} {[%emt 00:01:55]} Qg5 {[%clk 00:52:46]} {[%emt 00:02:23]}
29. Qa3 {[%clk 00:10:32]} {[%emt 00:04:21]} Nh4 {[%clk 00:43:55]} {[%emt
00:09:20]} 30. Nf5 {[%clk 00:07:56]} {[%emt 00:03:06]} Qxg4 {[%clk 00:39:23]}
{[%emt 00:05:02]} 31. Re8+ {[%clk 00:07:43]} {[%emt 00:00:44]} Kf7 {[%clk
00:39:41]} {[%emt 00:00:11]} 32. Re7+ {[%clk 00:06:40]} {[%emt 00:01:33]} Rxe7
{[%clk 00:37:43]} {[%emt 00:02:28]} 33. Qxe7+ {[%clk 00:06:45]} {[%emt
00:00:24]} Kg6 {[%clk 00:37:49]} {[%emt 00:00:25]} 34. Nxh4+ {[%clk 00:06:32]}
{[%emt 00:00:43]} Qxh4 {[%clk 00:37:56]} {[%emt 00:00:23]} 35. Qxb7 {[%clk
00:06:29]} {[%emt 00:00:34]} Qxf2 {[%clk 00:37:58]} {[%emt 00:00:27]} 36. h3
{[%clk 00:06:49]} {[%emt 00:00:11]} Qf1+ {[%clk 00:36:16]} {[%emt 00:02:11]}
37. Kh2 {[%clk 00:07:14]} {[%emt 00:00:05]} Qxc4 {[%clk 00:36:00]} {[%emt
00:00:46]} 38. Qxa7 {[%clk 00:06:56]} {[%emt 00:00:49]} Qc2+ {[%clk 00:35:44]}
{[%emt 00:00:45]} 39. Kg1 {[%clk 00:06:47]} {[%emt 00:00:39]} Qxb2 {[%clk
00:35:29]} {[%emt 00:00:46]} 40. Qa4 {[%clk 00:06:05]} {[%emt 00:01:12]} Qb5
{[%clk 00:34:23]} {[%emt 00:01:36]} 41. Qc2+ {[%clk 00:05:32]} {[%emt
00:01:01]} f5 {[%clk 00:32:54]} {[%emt 00:02:01]} 42. Qg2+ {[%clk 00:05:39]}
{[%emt 00:00:20]} Kf6 {[%clk 00:33:08]} {[%emt 00:00:18]} 43. Qc2 {[%clk
00:04:36]} {[%emt 00:01:33]} Qc4 {[%clk 00:29:38]} {[%emt 00:04:01]} 44. Qd2
{[%clk 00:03:22]} {[%emt 00:01:41]} g5 {[%clk 00:28:32]} {[%emt 00:01:38]} 45.
Qf2 {[%clk 00:02:45]} {[%emt 00:01:07]} f4 {[%clk 00:26:36]} {[%emt 00:02:26]}
46. h4 {[%clk 00:02:38]} {[%emt 00:00:37]} h6 {[%clk 00:26:29]} {[%emt
00:00:38]} 47. Qd2 {[%clk 00:01:53]} {[%emt 00:01:14]} Kf5 {[%clk 00:24:28]}
{[%emt 00:02:31]} 48. hxg5 {[%clk 00:30:18]} {[%emt 00:02:05]} hxg5 {[%clk
00:54:36]} {[%emt 00:00:22]} 49. Qf2 {[%clk 00:30:16]} {[%emt 00:00:32]} Qc3
{[%clk 00:53:03]} {[%emt 00:02:02]} 50. Kh2 {[%clk 00:27:54]} {[%emt 00:02:53]}
g4 {[%clk 00:50:43]} {[%emt 00:02:51]} 51. Kg2 {[%clk 00:27:57]} {[%emt
00:00:27]} Qh3+ {[%clk 00:43:26]} {[%emt 00:07:46]} 52. Kg1 {[%clk 00:27:58]}
{[%emt 00:00:29]} Qe3 {[%clk 00:43:19]} {[%emt 00:00:37]} 53. Kf1 {[%clk
00:27:57]} {[%emt 00:00:32]} Qc1+ {[%clk 00:42:22]} {[%emt 00:01:27]} 54. Kg2
{[%clk 00:26:54]} {[%emt 00:01:27]} f3+ {[%clk 00:41:58]} {[%emt 00:00:57]} 55.
Kh2 {[%clk 00:25:44]} {[%emt 00:01:41]} Qf4+ {[%clk 00:37:18]} {[%emt
00:05:11]} 56. Kg1 {[%clk 00:25:13]} {[%emt 00:00:59]} g3 {[%clk 00:36:36]}
{[%emt 00:01:14]} 57. Qc2+ {[%clk 00:24:52]} {[%emt 00:00:49]} Qe4 {[%clk
00:36:38]} {[%emt 00:00:30]} 58. Qxe4+ {[%clk 00:12:44]} {[%emt 00:12:39]} Kxe4
{[%clk 00:35:42]} {[%emt 00:01:25]} 59. a4 {[%clk 00:13:08]} {[%emt 00:00:07]}
Kxd4 {[%clk 00:35:55]} {[%emt 00:00:17]} 60. a5 {[%clk 00:13:22]} {[%emt
00:00:16]} Kc5 {[%clk 00:36:09]} {[%emt 00:00:15]} 61. a6 {[%clk 00:12:56]}
{[%emt 00:00:56]} Kb6 {[%clk 00:36:03]} {[%emt 00:00:36]} 62. a7 {[%clk
00:13:22]} {[%emt 00:00:05]} Kxa7 {[%clk 00:36:26]} {[%emt 00:00:06]} 63. Kf1
{[%clk 00:13:48]} {[%emt 00:00:04]} g2+ {[%clk 00:36:28]} {[%emt 00:00:28]} 64.
Kg1 {[%clk 00:14:04]} {[%emt 00:00:14]} d4 {[%clk 00:36:46]} {[%emt 00:00:13]}
65. Kf2 {[%clk 00:14:32]} {[%emt 00:00:02]} d3 {[%clk 00:37:08]} {[%emt
00:00:08]} 66. Kg1 {[%clk 00:14:49]} {[%emt 00:00:12]} d2 {[%clk 00:37:33]}
{[%emt 00:00:06]} 67. Kf2 {[%clk 00:15:14]} {[%emt 00:00:05]} d1=Q {[%emt
00:00:09]} 68. Kg3 {[%clk 00:15:39]} {[%emt 00:00:03]} g1=Q+ {[%clk 00:37:58]}
{[%emt 00:00:27]} 69. Kf4 {[%clk 00:15:57]} {[%emt 00:00:09]} Qdd4+ {[%clk
00:37:49]} {[%emt 00:00:40]} 70. Kf5 {[%clk 00:16:14]} {[%emt 00:00:14]} Qgg4#
{[%clk 00:37:28]} {[%emt 00:00:20]} 0-1

[Event "DEM U12w 2022"]
[Site "Willingen GER"]
[Date "2022.06.09"]
[Round "7"]
[White "Zhou, Jenny"]
[Black "Schwarzfischer, Julia"]
[Result "0-1"]
[Termination "normal"]
[Board "10"]
[WhiteElo "1272"]
[BlackElo "1368"]
[WhiteClock "00:25:36"]
[BlackClock "01:16:27"]
[PlyCount "102"]
[WhiteFideId "16280229"]
[BlackFideId "16268105"]
[EventCountry "GER"]
[EventRounds "9"]
[EventType "swiss"]
[EventDate "2022.06.04"]

1. e4 {[%clk 01:30:59]} {[%emt 00:00:01]} e5 {[%clk 01:30:54]} {[%emt
00:00:06]} 2. Nf3 {[%clk 01:31:23]} {[%emt 00:00:05]} Nc6 {[%clk 01:31:17]}
{[%emt 00:00:09]} 3. Bc4 {[%clk 01:31:46]} {[%emt 00:00:06]} Bc5 {[%clk
01:31:38]} {[%emt 00:00:09]} 4. c3 {[%clk 01:32:10]} {[%emt 00:00:05]} Nf6
{[%clk 01:32:00]} {[%emt 00:00:09]} 5. d4 {[%clk 01:32:32]} {[%emt 00:00:08]}
exd4 {[%clk 01:32:24]} {[%emt 00:00:06]} 6. e5 {[%clk 01:32:54]} {[%emt
00:00:08]} Qe7 {[%clk 01:32:27]} {[%emt 00:00:26]} 7. O-O {[%clk 01:33:10]}
{[%emt 00:00:14]} Ng4 {[%clk 01:31:41]} {[%emt 00:01:17]} 8. cxd4 {[%clk
01:30:58]} {[%emt 00:02:41]} Bb4 {[%clk 01:31:51]} {[%emt 00:00:21]} 9. a3
{[%clk 01:29:46]} {[%emt 00:01:42]} Ba5 {[%clk 01:32:12]} {[%emt 00:00:09]} 10.
b4 {[%clk 01:28:32]} {[%emt 00:01:44]} Bb6 {[%clk 01:32:32]} {[%emt 00:00:10]}
11. h3 {[%clk 01:28:29]} {[%emt 00:00:32]} Nxf2 {[%clk 01:30:12]} {[%emt
00:02:51]} 12. Rxf2 {[%clk 01:27:14]} {[%emt 00:01:44]} d6 {[%clk 01:27:12]}
{[%emt 00:03:31]} 13. exd6 {[%clk 01:21:12]} {[%emt 00:06:32]} Qxd6 {[%clk
01:27:27]} {[%emt 00:00:14]} 14. Re2+ {[%clk 01:21:21]} {[%emt 00:00:20]} Be6
{[%clk 01:25:47]} {[%emt 00:02:11]} 15. Bxe6 {[%clk 01:20:24]} {[%emt
00:01:28]} fxe6 {[%clk 01:26:01]} {[%emt 00:00:16]} 16. Be3 {[%clk 01:19:14]}
{[%emt 00:01:37]} O-O-O {[%clk 01:25:49]} {[%emt 00:00:44]} 17. Kh1 {[%clk
01:17:55]} {[%emt 00:01:49]} e5 {[%clk 01:24:03]} {[%emt 00:02:17]} 18. d5
{[%clk 01:13:25]} {[%emt 00:04:58]} e4 {[%clk 01:23:15]} {[%emt 00:01:20]} 19.
Ng5 {[%clk 01:11:23]} {[%emt 00:02:31]} Qf6 {[%clk 01:23:06]} {[%emt 00:00:40]}
20. Nd2 {[%clk 01:01:26]} {[%emt 00:10:24]} Bxe3 {[%clk 01:22:28]} {[%emt
00:01:11]} 21. Ngxe4 {[%clk 01:00:45]} {[%emt 00:01:10]} Qf4 {[%clk 01:21:24]}
{[%emt 00:01:34]} 22. dxc6 {[%clk 01:00:17]} {[%emt 00:00:58]} Rhe8 {[%clk
01:20:08]} {[%emt 00:01:47]} 23. cxb7+ {[%clk 01:00:23]} {[%emt 00:00:25]} Kb8
{[%clk 01:20:08]} {[%emt 00:00:30]} 24. g3 {[%clk 00:58:55]} {[%emt 00:01:58]}
Qh6 {[%clk 01:19:28]} {[%emt 00:01:09]} 25. Qe1 {[%clk 00:56:40]} {[%emt
00:02:44]} Bxd2 {[%clk 01:18:18]} {[%emt 00:01:40]} 26. Rxd2 {[%clk 00:51:44]}
{[%emt 00:05:26]} Rxd2 {[%clk 01:18:28]} {[%emt 00:00:20]} 27. Qxd2 {[%clk
00:51:52]} {[%emt 00:00:23]} Qxh3+ {[%clk 01:18:23]} {[%emt 00:00:35]} 28. Kg1
{[%clk 00:51:55]} {[%emt 00:00:25]} Qg4 {[%clk 01:17:41]} {[%emt 00:01:13]} 29.
Nf2 {[%clk 00:48:19]} {[%emt 00:04:05]} Qxg3+ {[%clk 01:17:57]} {[%emt
00:00:16]} 30. Kf1 {[%clk 00:48:19]} {[%emt 00:00:29]} Rf8 {[%clk 01:17:04]}
{[%emt 00:01:23]} 31. Ra2 {[%clk 00:43:37]} {[%emt 00:05:12]} h5 {[%clk
01:15:19]} {[%emt 00:02:16]} 32. Rc2 {[%clk 00:42:47]} {[%emt 00:01:17]} h4
{[%clk 01:13:57]} {[%emt 00:01:55]} 33. Qe2 {[%clk 00:31:46]} {[%emt 00:11:30]}
h3 {[%clk 01:12:12]} {[%emt 00:02:15]} 34. Qe4 {[%clk 00:29:53]} {[%emt
00:02:12]} h2 {[%clk 01:12:03]} {[%emt 00:00:51]} 35. Qh1 {[%clk 00:25:28]}
{[%emt 00:04:56]} Qd3+ {[%clk 01:12:19]} {[%emt 00:00:13]} 36. Ke1 {[%clk
00:25:52]} {[%emt 00:00:05]} Re8+ {[%clk 01:12:29]} {[%emt 00:00:21]} 37. Ne4
{[%clk 00:25:51]} {[%emt 00:00:31]} Rxe4+ {[%clk 01:12:44]} {[%emt 00:00:15]}
38. Kf2 {[%clk 00:23:33]} {[%emt 00:02:44]} Qxc2+ {[%clk 01:12:40]} {[%emt
00:00:38]} 39. Kg3 {[%clk 00:22:13]} {[%emt 00:01:48]} Qd3+ {[%clk 01:12:55]}
{[%emt 00:00:15]} 40. Kxh2 {[%clk 00:21:33]} {[%emt 00:01:12]} Re2+ {[%clk
01:13:06]} {[%emt 00:00:19]} 41. Qg2 {[%clk 00:21:55]} {[%emt 00:00:08]} Rxg2+
{[%clk 01:13:22]} {[%emt 00:00:13]} 42. Kxg2 {[%clk 00:22:22]} {[%emt
00:00:03]} Kxb7 {[%clk 01:13:44]} {[%emt 00:00:09]} 43. a4 {[%clk 00:22:47]}
{[%emt 00:00:05]} Kc6 {[%clk 01:14:09]} {[%emt 00:00:05]} 44. b5+ {[%clk
00:23:12]} {[%emt 00:00:05]} Kd5 {[%clk 01:14:35]} {[%emt 00:00:04]} 45. a5
{[%clk 00:23:35]} {[%emt 00:00:07]} Ke4 {[%clk 01:14:54]} {[%emt 00:00:10]} 46.
b6 {[%clk 00:23:54]} {[%emt 00:00:12]} cxb6 {[%clk 01:14:59]} {[%emt 00:00:26]}
47. axb6 {[%clk 00:24:17]} {[%emt 00:00:06]} axb6 {[%clk 01:15:22]} {[%emt
00:00:07]} 48. Kf2 {[%clk 00:24:34]} {[%emt 00:00:13]} Kf4 {[%clk 01:15:25]}
{[%emt 00:00:27]} 49. Ke1 {[%clk 00:24:52]} {[%emt 00:00:12]} Qc2 {[%clk
01:15:47]} {[%emt 00:00:08]} 50. Kf1 {[%clk 00:25:12]} {[%emt 00:00:09]} Kf3
{[%clk 01:16:03]} {[%emt 00:00:15]} 51. Kg1 {[%clk 00:25:36]} {[%emt 00:00:06]}
Qg2# {[%clk 01:16:27]} {[%emt 00:00:06]} 0-1

[Event "DEM U12w 2022"]
[Site "Willingen GER"]
[Date "2022.06.09"]
[Round "7"]
[White "Milman, Sophie"]
[Black "Hoffmann, Svenja"]
[Result "0-1"]
[Termination "normal"]
[Board "11"]
[WhiteElo "1202"]
[BlackElo "1284"]
[WhiteClock "00:49:59"]
[BlackClock "00:41:36"]
[PlyCount "70"]
[WhiteFideId "34608885"]
[BlackFideId "16287312"]
[EventCountry "GER"]
[EventRounds "9"]
[EventType "swiss"]
[EventDate "2022.06.04"]

1. e4 {[%clk 01:30:58]} e5 {[%clk 01:30:50]} {[%emt 00:00:10]} 2. Nf3 {[%clk
01:31:19]} {[%emt 00:00:09]} Nc6 {[%clk 01:31:02]} {[%emt 00:00:17]} 3. d4
{[%clk 01:31:38]} {[%emt 00:00:12]} exd4 {[%clk 01:30:49]} {[%emt 00:00:44]} 4.
Nxd4 {[%clk 01:31:47]} {[%emt 00:00:20]} Qf6 {[%clk 01:30:25]} {[%emt
00:00:53]} 5. c3 {[%clk 01:31:32]} {[%emt 00:00:45]} Qg6 {[%clk 01:29:29]}
{[%emt 00:01:27]} 6. f3 {[%clk 01:28:32]} {[%emt 00:03:29]} Bc5 {[%clk
01:25:56]} {[%emt 00:04:03]} 7. Be3 {[%clk 01:25:48]} {[%emt 00:03:14]} Nge7
{[%clk 01:23:43]} {[%emt 00:02:44]} 8. Nd2 {[%clk 01:25:05]} {[%emt 00:01:13]}
O-O {[%clk 01:21:05]} {[%emt 00:03:09]} 9. N2b3 {[%clk 01:20:58]} {[%emt
00:04:36]} Bb6 {[%clk 01:19:41]} {[%emt 00:01:54]} 10. Qc2 {[%clk 01:18:12]}
{[%emt 00:03:15]} a5 {[%clk 01:16:47]} {[%emt 00:03:24]} 11. a4 {[%clk
01:16:22]} {[%emt 00:02:21]} d6 {[%clk 01:10:22]} {[%emt 00:06:55]} 12. Bd3
{[%clk 01:13:18]} {[%emt 00:03:34]} Ne5 {[%clk 01:07:11]} {[%emt 00:03:40]} 13.
O-O {[%clk 01:05:41]} {[%emt 00:08:08]} Be6 {[%clk 00:58:35]} {[%emt 00:09:06]}
14. Rad1 {[%clk 01:01:00]} {[%emt 00:05:07]} N7c6 {[%clk 00:49:39]} {[%emt
00:09:30]} 15. Kh1 {[%clk 00:57:09]} {[%emt 00:04:21]} Nxd3 {[%clk 00:45:29]}
{[%emt 00:04:40]} 16. Rxd3 {[%clk 00:56:45]} {[%emt 00:00:53]} Bc4 {[%clk
00:44:47]} {[%emt 00:01:12]} 17. Nxc6 {[%clk 00:55:54]} {[%emt 00:01:21]} bxc6
{[%clk 00:44:37]} {[%emt 00:00:41]} 18. Bxb6 {[%clk 00:56:06]} {[%emt
00:00:18]} Bxd3 {[%clk 00:44:15]} {[%emt 00:00:51]} 19. Qxd3 {[%clk 00:56:22]}
{[%emt 00:00:15]} cxb6 {[%clk 00:44:35]} {[%emt 00:00:11]} 20. Rd1 {[%clk
00:55:59]} {[%emt 00:00:52]} d5 {[%clk 00:41:53]} {[%emt 00:03:13]} 21. exd5
{[%clk 00:55:58]} {[%emt 00:00:30]} Qxd3 {[%clk 00:42:14]} {[%emt 00:00:09]}
22. Rxd3 {[%clk 00:56:16]} {[%emt 00:00:12]} Rad8 {[%clk 00:41:59]} {[%emt
00:00:45]} 23. c4 {[%clk 00:56:22]} {[%emt 00:00:24]} Rfe8 {[%clk 00:42:02]}
{[%emt 00:00:27]} 24. Rd1 {[%clk 00:56:03]} {[%emt 00:00:49]} cxd5 {[%clk
00:42:18]} {[%emt 00:00:14]} 25. cxd5 {[%clk 00:56:24]} {[%emt 00:00:09]} Rxd5
{[%clk 00:42:36]} {[%emt 00:00:11]} 26. Rc1 {[%clk 00:56:45]} {[%emt 00:00:10]}
g6 {[%clk 00:42:17]} {[%emt 00:00:49]} 27. h3 {[%clk 00:56:51]} {[%emt
00:00:23]} Rd3 {[%clk 00:42:07]} {[%emt 00:00:40]} 28. Na1 {[%clk 00:51:51]}
{[%emt 00:05:31]} Kg7 {[%clk 00:41:53]} {[%emt 00:00:43]} 29. Kh2 {[%clk
00:50:26]} {[%emt 00:01:55]} Re2 {[%clk 00:41:19]} {[%emt 00:01:03]} 30. b3
{[%clk 00:50:10]} {[%emt 00:00:47]} Rxf3 {[%clk 00:41:23]} {[%emt 00:00:26]}
31. Rc6 {[%clk 00:49:59]} {[%emt 00:00:42]} Rff2 {[%clk 00:41:30]} {[%emt
00:00:22]} 32. Rxb6 {[%clk 00:50:07]} {[%emt 00:00:22]} Rxg2+ {[%clk 00:41:51]}
{[%emt 00:00:10]} 33. Kh1 {[%clk 00:50:18]} {[%emt 00:00:20]} Rg3 {[%clk
00:41:18]} {[%emt 00:01:02]} 34. Rb5 {[%clk 00:50:11]} {[%emt 00:00:37]} Rd3
{[%clk 00:41:16]} {[%emt 00:00:31]} 35. Rxa5 {[%clk 00:49:59]} {[%emt
00:00:43]} Rd1# {[%clk 00:41:36]} {[%emt 00:00:09]} 0-1

[Event "DEM U12w 2022"]
[Site "Willingen GER"]
[Date "2022.06.09"]
[Round "7"]
[White "Bakó, Isabella"]
[Black "Vasylenko, Nadeja"]
[Result "0-1"]
[Termination "normal"]
[Board "12"]
[WhiteElo "1247"]
[BlackElo "1305"]
[WhiteClock "00:33:34"]
[BlackClock "00:35:36"]
[PlyCount "66"]
[WhiteFideId "16287266"]
[BlackFideId "34161457"]
[EventCountry "GER"]
[EventRounds "9"]
[EventType "swiss"]
[EventDate "2022.06.04"]

1. e4 {[%clk 01:30:56]} {[%emt 00:00:02]} e5 {[%clk 01:30:53]} {[%emt
00:00:09]} 2. Nf3 {[%clk 01:31:10]} {[%emt 00:00:15]} d5 {[%clk 01:31:19]}
{[%emt 00:00:05]} 3. exd5 {[%clk 01:31:29]} {[%emt 00:00:10]} e4 {[%clk
01:31:42]} {[%emt 00:00:08]} 4. Qe2 {[%clk 01:31:26]} {[%emt 00:00:32]} Nf6
{[%clk 01:20:42]} {[%emt 00:11:32]} 5. d3 {[%clk 01:31:26]} {[%emt 00:00:28]}
Qxd5 {[%clk 01:20:54]} {[%emt 00:00:18]} 6. Nbd2 {[%clk 01:30:22]} {[%emt
00:01:34]} Be7 {[%clk 00:59:02]} {[%emt 00:22:23]} 7. dxe4 {[%clk 01:30:23]}
{[%emt 00:00:29]} Qh5 {[%clk 00:56:37]} {[%emt 00:02:55]} 8. Nc4 {[%clk
01:21:40]} {[%emt 00:09:11]} Nc6 {[%clk 00:52:02]} {[%emt 00:05:07]} 9. Bf4
{[%clk 01:20:18]} {[%emt 00:01:49]} Bb4+ {[%clk 00:49:14]} {[%emt 00:03:21]}
10. c3 {[%clk 01:18:42]} {[%emt 00:02:06]} Ba5 {[%clk 00:49:27]} {[%emt
00:00:17]} 11. Nce5 {[%clk 01:17:47]} {[%emt 00:01:22]} Nxe5 {[%clk 00:47:04]}
{[%emt 00:02:56]} 12. Bxe5 {[%clk 01:13:28]} {[%emt 00:04:48]} Bd7 {[%clk
00:46:26]} {[%emt 00:01:08]} 13. O-O-O {[%clk 01:04:50]} {[%emt 00:09:06]}
O-O-O {[%clk 00:45:49]} {[%emt 00:01:09]} 14. Qc4 {[%clk 00:58:18]} {[%emt
00:06:58]} Qh6+ {[%clk 00:44:15]} {[%emt 00:02:08]} 15. Kc2 {[%clk 00:55:44]}
{[%emt 00:03:02]} Be6 {[%clk 00:38:42]} {[%emt 00:06:06]} 16. Rxd8+ {[%clk
00:53:36]} {[%emt 00:02:38]} Rxd8 {[%clk 00:39:00]} {[%emt 00:00:11]} 17. Qa4
{[%clk 00:53:05]} {[%emt 00:00:57]} Bb6 {[%clk 00:39:15]} {[%emt 00:00:20]} 18.
Bc4 {[%clk 00:52:24]} {[%emt 00:01:06]} Bd7 {[%clk 00:37:21]} {[%emt 00:02:29]}
19. Qb3 {[%clk 00:49:29]} {[%emt 00:03:22]} Nxe4 {[%clk 00:36:20]} {[%emt
00:01:33]} 20. Rf1 {[%clk 00:36:15]} {[%emt 00:13:42]} Nc5 {[%emt 00:03:48]}
21. Qa3 {[%clk 00:34:49]} {[%emt 00:00:02]} Bf5+ {[%clk 00:35:17]} {[%emt
00:00:12]} 22. Bd3 {[%clk 00:33:31]} {[%emt 00:01:47]} Bxd3+ {[%clk 00:35:37]}
{[%emt 00:00:10]} 23. Kd1 {[%clk 00:33:29]} {[%emt 00:00:30]} Bxf1+ {[%clk
00:35:49]} {[%emt 00:00:21]} 24. Bd4 {[%clk 00:33:35]} {[%emt 00:00:23]} Ne6
{[%clk 00:34:49]} {[%emt 00:01:30]} 25. Qb4 {[%clk 00:33:21]} {[%emt 00:00:42]}
Nxd4 {[%clk 00:35:05]} {[%emt 00:00:17]} 26. Nxd4 {[%clk 00:33:41]} {[%emt
00:00:09]} Bxd4 {[%clk 00:35:28]} {[%emt 00:00:08]} 27. cxd4 {[%clk 00:33:34]}
{[%emt 00:00:36]} Qg6 {[%clk 00:35:29]} {[%emt 00:00:30]} 28. Ke1 {[%clk
00:32:42]} {[%emt 00:01:22]} Re8+ {[%clk 00:35:06]} {[%emt 00:00:53]} 29. Kd2
{[%clk 00:32:49]} {[%emt 00:00:23]} Qd3+ {[%clk 00:35:16]} {[%emt 00:00:20]}
30. Kc1 {[%clk 00:33:08]} {[%emt 00:00:11]} Be2 {[%clk 00:35:26]} {[%emt
00:00:20]} 31. b3 {[%clk 00:33:13]} {[%emt 00:00:25]} Rd8 {[%clk 00:34:57]}
{[%emt 00:00:58]} 32. Qa4 {[%clk 00:33:11]} {[%emt 00:00:32]} Qc3+ {[%clk
00:35:12]} {[%emt 00:00:16]} 33. Kb1 {[%clk 00:33:34]} {[%emt 00:00:07]} Bd3#
{[%clk 00:35:36]} {[%emt 00:00:06]} 0-1

[Event "DEM U12w 2022"]
[Site "Willingen GER"]
[Date "2022.06.09"]
[Round "7"]
[White "Yamshchikova, Alisa"]
[Black "Zhou, Leyi Charlotte"]
[Result "1-0"]
[Termination "normal"]
[Board "13"]
[WhiteElo "1216"]
[BlackElo "1315"]
[PlyCount "105"]
[WhiteFideId "34135790"]
[BlackFideId "16258100"]
[EventCountry "GER"]
[EventRounds "9"]
[EventType "swiss"]
[EventDate "2022.06.04"]

1. e4 e5 2. Nf3 Nc6 3. Bb5 a6 4. Ba4 Nf6 5. O-O Be7 6. Re1 b5 7. Bb3 d6 8. h3
O-O 9. c3 Nb8 10. d4 Nbd7 11. Nbd2 Bb7 12. Bc2 c5 13. Nf1 Re8 14. Bg5 Bf8 15.
d5 g6 16. Ne3 Bg7 17. Ng4 c4 18. Qd2 a5 19. a3 h5 20. Nxf6+ Nxf6 21. Nh4 Qd7
22. Bh6 Kh7 23. Bxg7 Kxg7 24. Qg5 Nh7 25. Qg3 Kh8 26. Re3 Rg8 27. Rf1 Raf8 28.
Kh2 Nf6 29. Qg5 Nh7 30. Qh6 Qe7 31. g3 Bc8 32. Rg1 Qd7 33. g4 g5 34. Nf5 h4 35.
Qxd6 Qxd6 36. Nxd6 Bd7 37. Rf3 f6 38. Rb1 Rb8 39. b3 Rb6 40. bxc4 Rxd6 41. c5
Ra6 42. c6 Bxc6 43. dxc6 Rxc6 44. Rxb5 Rgc8 45. Rxa5 Rxc3 46. Rxc3 Rxc3 47. Bb1
Rb3 48. Ra8+ Kg7 49. Ba2 Rb7 50. Rg8+ Kh6 51. Be6 f5 52. Bxf5 Rb6 53. Rh8 1-0

[Event "DEM U12w 2022"]
[Site "Willingen GER"]
[Date "2022.06.09"]
[Round "7"]
[White "Neininger, Sarah"]
[Black "Will, Elina"]
[Result "1/2-1/2"]
[Termination "normal"]
[Board "14"]
[WhiteElo "1429"]
[BlackElo "1333"]
[PlyCount "50"]
[WhiteFideId "16287410"]
[BlackFideId "34623434"]
[EventCountry "GER"]
[EventRounds "9"]
[EventType "swiss"]
[EventDate "2022.06.04"]

1. d4 Nf6 2. c4 g6 3. f3 d5 4. cxd5 Nxd5 5. e4 Nb6 6. Be3 Bg7 7. Nc3 O-O 8. d5
e6 9. dxe6 Bxe6 10. Qc2 Nc6 11. a3 Nd4 12. Bxd4 Qxd4 13. Qd2 c6 14. Qxd4 Bxd4
15. Nge2 Bg7 16. Ng3 Nc4 17. Bxc4 Bxc4 18. Nge2 b6 19. Kf2 c5 20. Rhd1 Rad8 21.
Rxd8 Rxd8 22. Rd1 Rxd1 23. Nxd1 a5 24. a4 b5 25. axb5 Bxb5 1/2-1/2